00954nam a2200217 a 450000100100000000500170001000800410002702000150006804000250008308200150010810000610012324501540018424600280033826001240036630000330049049000350052350000360055850000730059470000320066783000370069900004156620201002035637.0131011s1995 sp a 000 0 spa d a8400075331 aDO-SdBNPbspacBNPHU axxxxbxxxx1 aIbn Baškuwāl, Ḫalaf ibn ʻAbd al-Malikd1101-1183.10aKitab al-qurba ilà Rabb al-'Alamin = (El acercamiento a Dios) /cIbn Baskuwal ; estudio, edición crítica y traducción, Cristina de la Puente.10aEl acercamiento a Dios. aMadrid :bConsejo Superior de Investigaciones Científicas,bAgencia Española de Cooperación Internacional,c1995. a378, 165 p. :bil. ;c24 cm.1 aFuentes arábico-hispanasv19 aTexto en español y en árabe aIncluye referencias bibliográficas y notas al pie de las páginas12aPuente, Cristina de laeed. 0aFuentes arábico-hispanas ;n19